01275nam a2200301 a 4500001001200000003000800012006001900020007001500039008004100054020001800095020002700113040002100140035002100161050003200182100001900214245020800233260004300441300003600484490003700520500002000557533015200577630002900729650002600758655002900784710001700813856012600830999001700956ebr10690581CaPaEBRm u cr cn|||||||||130508s2013 enka s 001 0 eng d z9781849686709 z9781849686716 (e-book) aCaPaEBRcCaPaEBR a(OCoLC)84695163014aTK5105.8885.M57bS87 2013eb1 aSur, Abhishek.10aVisual Studio 2012 and .NET 4.5 expert development cookbookh[electronic resource] :bover 40 recipes for successfully mixing the powerful capabilities of .NET 4.5 and Visual Studio 2012 /cAbhishek Sur. aBirmingham, U.K. :bPackt Pub.,c2013. aii, 365 p. :bill. (some col.).0 aQuick answers to common problems aIncludes index. aElectronic reproduction.bPalo Alto, Calif. :cebrary,d2013.nAvailable via World Wide Web.nAccess may be limited to ebrary affiliated libraries.00aMicrosoft Visual studio. 0aWeb site development. 7aElectronic books.2local2 aebrary, Inc.40uhttp://site.ebrary.com/lib/rucke/Doc?id=10690581zAn electronic book accessible through the World Wide Web; click to view c10598d10598